Introduction to python : (Record no. 51780)

MARC details
000 -LEADER
fixed length control field 00679nam a2200217Ia 4500
005 - DATE AND TIME OF LATEST TRANSACTION
control field 20260429112006.0
008 - FIXED-LENGTH DATA ELEMENTS--GENERAL INFORMATION
fixed length control field 260429s9999||||xx |||||||||||||| ||und||
020 ## - INTERNATIONAL STANDARD BOOK NUMBER
International Standard Book Number 9781032119106
041 ## - LANGUAGE CODE
Language English
082 ## - DEWEY DECIMAL CLASSIFICATION NUMBER
Classification number 005.133
Item number BAE
100 ## - MAIN ENTRY--PERSONAL NAME
Personal name Baez-Lopez, David
245 #0 - TITLE STATEMENT
Title Introduction to python :
Remainder of title with applications in optimization, image and video processing, and machine learning /
Statement of responsibility, etc David Baez-Lopez
250 ## - EDITION STATEMENT
Edition statement 1st ed.
260 ## - PUBLICATION, DISTRIBUTION, ETC. (IMPRINT)
Place of publication, distribution, etc Boca Raton :
Name of publisher, distributor, etc CRC Press,
Date of publication, distribution, etc 2024.
300 ## - PHYSICAL DESCRIPTION
Extent xv, 436 p.; pbk
650 ## - SUBJECT ADDED ENTRY--TOPICAL TERM
Topical term or geographic name as entry element Computer programming
650 ## - SUBJECT ADDED ENTRY--TOPICAL TERM
Topical term or geographic name as entry element Python programming
650 ## - SUBJECT ADDED ENTRY--TOPICAL TERM
Topical term or geographic name as entry element Computer science
700 ## - ADDED ENTRY--PERSONAL NAME
Personal name Villegas, David Alfredo Baez
942 ## - ADDED ENTRY ELEMENTS (KOHA)
Koha item type Text Books
Holdings
Withdrawn status Lost status Damaged status Not for loan Collection code Home library Location Shelving location Date of Cataloging Source of acquisition Total Checkouts Full call number Barcode Date last seen Price effective from Koha item type
        Non-fiction CUTN Central Library CUTN Central Library Generalia 29/04/2026 Apollo Book Distributors, Bengaluru - Invoice No. 2025-2026/208 on 16-02-2026   005.133 BAE 56819 29/04/2026 29/04/2026 Text Books